LEADER 01166nam a2200265 a 4500 001 000000163768 003 CaOOAMICUS 005 20171026150742.0 008 171026s1988 it m u000 udeng r 032 $aLibriCat 040 $aPUL$bita 100 1 $aKalluvachel, Varghese.$0(OLS)http://pul/name/105213 245 04$aThe contemporary revival of virtue : $ba critical appraisal / $cVarghese Kalluvachel. 260 $aRoma :$b[s.n.],$c1988. 300 $a92 p. ;$c24 cm. 502 $aEstratto di Tesi. Università pontificia salesiana. Facoltà di Filosofia.1988. 504 $aBibliografia in nota a piè pagina. 650 04$aFilosofia.$0(OLS)http://pul/subject/362 710 2 $aPontificia Università Salesiana.$bFacoltà di filosofia.$kTesi.$0(OLS)http://pul/name/105164 850 $aPUL 852 $aPUL$W1$xDP1 Tesi Pon. Univ. Salesiana$y46$mTH SAL 241$j187907$qTesi$B191021$CPULBib$Z2$F191021 $H60559 $82 941 1 $a16 996 $6245$aThe contemporary revival of virtue : $ba critical appraisal / $9(OLS)http://pul/title/203473 996 $6260$aRoma :$b[s.n.]$9(OLS)http://pul/publisher/47958 LEADER 01829nam a2200409 i 4500 001 000000177372 003 CaOOAMICUS 005 20241014123623.0 007 tu 008 241014s2024 it 000 u fre r 040 $aPUL$bita$erda 082 0 $a271.092 100 0 $aCarolus Iosephus Eugenius de Mazenod,$c s.,$d1782-1861,$eautore.$0(OLS)http://pul/name/93253 245 10$aLettres à la famille :$b1799-1804 /$cSaint Eugène de Mazenod ; edité par Frank Santucci, o.m.i. . 264 1$aRoma :$bMissionarii OMI,$c2024. 300 $a324 pagine ;$c21 cm 336 $atesto$btxt$2rdacontent 337 $asenza mediazione$bn$2rdamedia 338 $avolume$bnc$2rdacarrier 490 1 $aOblate writings ;$v23 600 04$aCarolus Iosephus Eugenius de Mazenod,$cs.,$d1782-1861.$0(OLS)http://pul/subject/4401 700 1 $aSantucci, Francis,$cO.M.I.,$ecuratore.$0(OLS)http://pul/name/114063 830 0$aOblate writings ;$v23.$0(OLS)http://pul/title/218881 850 $aPUL 852 $aPUL$W1$xSL Religione 3$y85$m271.092 MAZEU 1$j201327$qDDC21$B206323$CPULBib$Z2$F206323 $H137443 $82 900 $aMazenod, Charles-Joseph-Eugène de$d1782-1861$993253 900 $aEugenius de Mazenod,$cs.,$d1782-1861$993253 900 $aEugenio de Mazenod,$cs.,$d1782-1861$993253 941 1 $a9 960 $aMazenod, Charles-Joseph-Eugène de,$cSaint$d1782-1861$94401 960 $aEugène de Mazenod,$cs.,$d1782-1861$94401 960 $aEugenius de Mazenod,$cs.,$d1782-1861$94401 960 $aEugenio Mazenod,$cs.,$d1782-1861$94401 996 $6082$a271.092$9(OLS)http://pul/classification/1861 996 $6245$aLettres à la famille :$b1799-1804$9(OLS)http://pul/title/218880 996 $6264$aRoma :$bMissionarii OMI$9(OLS)http://pul/publisher/83396